000 00231nam a2200085Ia 4500
008 170620s9999 xx 000 0 und d
100 _aDutt- B. Surya Venkata
245 0 _aComparative Education
260 _bNew Delhi- Discovery Publishing House
260 _c2004
999 _c24307
_d24307